| 000 | 00620nam a2200217 a 4500 | ||
|---|---|---|---|
| 999 |
_c220 _d220 |
||
| 001 | 220 | ||
| 003 | BD-JhCC | ||
| 005 | 20171002171530.0 | ||
| 008 | 171002s2003 bg ||||| |||| 00| 0 ben d | ||
| 020 | _a9844017378 | ||
| 035 | _a(BD-JhCC)220 | ||
| 040 |
_aBD-JhCC _dBD-JhCC |
||
| 041 | _aben | ||
| 082 |
_223 _a891.443 _bAYA 2003 |
||
| 100 | _aপাটওয়ারী, আলী, আয়াত , | ||
| 245 |
_aছায়াকরী / _cআয়াত আলী পাটওয়ারী , |
||
| 300 |
_a102p. ; _c21cm. |
||
| 651 |
_aBangladesh _xShort Stories ,Bengali |
||
| 942 |
_2ddc _cBK |
||